Embodiment: essays on gender and identity (Record no. 382453)

000 -LEADER
fixed length control field 00475cam a22001697a 4500
008 - FIXED-LENGTH DATA ELEMENTS--GENERAL INFORMATION
fixed length control field 180718b1997 xxu||||| |||| 00| 0 eng d
020 ## - INTERNATIONAL STANDARD BOOK NUMBER
International Standard Book Number 0195641795
082 ## - DEWEY DECIMAL CLASSIFICATION NUMBER
Classification number B142 T329
245 ## - TITLE STATEMENT
Title Embodiment: essays on gender and identity
Statement of responsibility, etc. edited by Mennakshi Thapan
260 ## - PUBLICATION, DISTRIBUTION, ETC.
Place of publication, distribution, etc. Delhi
Name of publisher, distributor, etc. Oxford University Press
Date of publication, distribution, etc. 1997
300 ## - PHYSICAL DESCRIPTION
Extent 340p.
440 ## - SERIES STATEMENT/ADDED ENTRY--TITLE
Title Gender studies
650 ## - SUBJECT ADDED ENTRY--TOPICAL TERM
Topical term or geographic name entry element Women.
650 ## - SUBJECT ADDED ENTRY--TOPICAL TERM
Topical term or geographic name entry element Feminist ethics
650 ## - SUBJECT ADDED ENTRY--TOPICAL TERM
Topical term or geographic name entry element Gender identity
700 ## - ADDED ENTRY--PERSONAL NAME
Personal name Thapan, Meenakshi
Holdings
Withdrawn status Lost status Damaged status Not for loan Permanent Location Current Location Date acquired Full call number Barcode Date last seen Price effective from Koha item type
        Indian Institute of Public Administration Indian Institute of Public Administration 1997-12-12 B142 T329 72601 2018-07-21 2018-07-21 Book

Powered by Koha